Slaugher Facilities for Tropical Conditions : A Guide to the Selection and Costing of Appropriate Systems (Record no. 593596)

MARC details
000 -LEADER
fixed length control field 00630nam a2200145Ia 4500
008 - FIXED-LENGTH DATA ELEMENTS--GENERAL INFORMATION
fixed length control field 100415s9999 xx 000 0 und d
082 ## - DEWEY DECIMAL CLASSIFICATION NUMBER
Item number 10670
Classification number 338.43
100 ## - MAIN ENTRY--PERSONAL NAME
Personal name Edwards D
245 ## - TITLE STATEMENT
Title Slaugher Facilities for Tropical Conditions : A Guide to the Selection and Costing of Appropriate Systems
260 ## - PUBLICATION, DISTRIBUTION, ETC. (IMPRINT)
Place of publication, distribution, etc LONDON
Date of publication, distribution, etc 1979
Name of publisher, distributor, etc TROPICAL PRODUCTS INSTITUTE
365 ## - TRADE PRICE
Price amount 0
630 ## - SUBJECT ADDED ENTRY--UNIFORM TITLE
Uniform title Slaugher Facilities for Tropical Conditions : A Guide to the Selection and Costing of Appropriate Systems
730 ## - ADDED ENTRY--UNIFORM TITLE
Uniform title Slaugher Facilities for Tropical Conditions : A Guide to the Selection and Costing of Appropriate Systems
942 ## - ADDED ENTRY ELEMENTS (KOHA)
Koha item type Book
Holdings
Withdrawn status Lost status Damaged status Not for loan Home library Current library Date acquired Cost, normal purchase price Total Checkouts Full call number Barcode Date last seen Price effective from Koha item type
        Bombay Natural History Society Bombay Natural History Society 08/28/1997 0.00   338.43 10670 BNHS-10670 04/15/2010 04/15/2010 Book